000 00622nam a2200229Ia 4500
003 OSt
005 20221005115141.0
006 a|||||r|||| 00| 0
007 ta
008 221004b |||||||| |||| 00| 0 eng d
024 _a58247
037 _cTextual
040 _aCRL
_cCRL
_beng
041 _2eng
_aeng
082 _aV2:25wM5, G5.1-.2
100 _aCurzon Marquis
245 0 _aBritish Government in India
_b The story of the viceroys and government houses 2V.
260 _c1935
650 _aHISTORY
942 _hV2:25wM5, G5.1-.2
_cTEXL
_2cc
999 _c1033567
_d1033567